The fallen (Record no. 116103)

MARC details
000 -LEADER
fixed length control field 00215 a2200097 4500
020 ## - INTERNATIONAL STANDARD BOOK NUMBER
International Standard Book Number 9781804270103
100 ## - MAIN ENTRY--PERSONAL NAME
Personal name Carlos Manuel Alvarez
245 ## - TITLE STATEMENT
Title The fallen
260 ## - PUBLICATION, DISTRIBUTION, ETC. (IMPRINT)
Name of publisher, distributor, etc Fitzcarraldo Editions
Date of publication, distribution, etc 2022
942 ## - ADDED ENTRY ELEMENTS (KOHA)
Koha item type On order/under processing
Holdings
Withdrawn status Lost status Damaged status Not for loan Home library Current library Date acquired Source of acquisition Cost, normal purchase price Total Checkouts Barcode Date last seen Cost, replacement price Price effective from Koha item type
        University Library University Library 19/03/2026 269 639.20   00098178 19/03/2026 799.00 19/03/2026 On order/under processing
University Library, CUSAT